Statistics for The Human Body

Click here to take the quiz!

General Stats

  • This quiz has been taken 2,971 times
    (2,952 since last reset)
  • The average score is 10 of 15

Answer Stats

ClueAnswer% Correct
Number of kidney's:2
99%
All babies are born with what colour eyes?Blue
88%
Body's largest organ:Skin
85%
Average amount of teeth an adult has:32
83%
It is impossible to what with your eyes open:Sneeze
82%
Organ that produces insulin:Pancreas
82%
Only organ able to regenerate:Liver
79%
Internal temperature of human body:37 °C
73%
Number of bones in an adult:206
57%
Average speed of a sneeze (mph):100 mph
51%
Strongest muscle in the body (relative to size):Tongue
49%
Biggest muscle in the human body:Gluteus Maximus (Buttock)
34%
Average speed of a cough (mph):60 mph
32%
What the thyroid cartilage is more commonly known as?Adam's Apple
31%
Average amount of hairs on a human head:100,000
27%

Score Distribution

Percentile by Number Answered

Percent of People with Each Score

Your Score History

You have not taken this quiz since the last reset